Word Ladder: Flighty Common Bond Quiz Stats

 Plays Quiz Updated May 20, 2018

Challenge
Share
Tweet
Embed
Score 0/66 Timer 07:00
0 Plays Today
Hint 4-Letter Word % Correct
Telephone someone→ CALL
98.7%
Prison roomCELL
98.6%
Spherical rubber toyBALL
98.3%
PrisonJAIL →
97.8%
Pants keeper-upperBELT
97.7%
Not fastSLOW
97.6%
Fired a gun→ SHOT
97.3%
Money from a bondsmanBAIL
97.2%
Purple-red root vegetableBEET
97.1%
School time markerBELL →
96.9%
Nose mucusSNOT
96.6%
Frozen precipitationSNOW →
96.5%
Sunny day sky colorBLUE →
96.3%
Plant-to-be→ SEED
95.6%
Ale or bock, e.g.BEER
95.5%
Move like a riverFLOW
94.9%
Two plus threeFIVE
94.9%
Tool hutSHED
94.7%
Aquatic vesselBOAT
94.6%
Male pigBOAR
94.3%
Fly highSOAR
94%
Not deadLIVE
93.8%
Castle protectorMOAT
93.6%
Fortune tellerSEER
93.5%
Speak drunkenlySLUR
93.2%
Tennis starting scoreLOVE →
93.2%
Overly tart and tangySOUR
93.1%
Without companyLONE
92.7%
Wearing shoesSHOD
92.7%
CreatedMADE
92.4%
Not shortLONG
92%
Become indistinctBLUR
90.9%
Potato bagSACK
90.8%
Hint 4-Letter Word % Correct
Use a keyboardTYPE
90.2%
Piece of vocal musicSONG →
89.7%
Chimney ductFLUE
89.1%
Addition or subtraction, e.g.MATH
88.8%
Lose feathersMOLT
87.9%
Tom, buck, or bull, e.g.MALE
87.7%
Water for washing in→ BATH
87.6%
Floating ice sheetFLOE
87.2%
Disappeared beneath the wavesSANK
86.8%
Germinated barleyMALT
86.7%
Spouse or partnerMATE
86.2%
Sticky strip of plasticTAPE
86%
Livestock housingBARN
85.8%
Need but don't haveLACK
85.5%
Three feetYARD →
85.1%
Blood, in FrenchSANG
84.3%
Lord's mateLADY →
84.2%
ConflagrationFIRE →
83.6%
Rubber on a wheel (UK)TYRE
83.6%
Traditional knowledgeLORE
83.4%
Frilly, as in clothingLACY
83.4%
Opposite of hindFORE
83.2%
UncoveredBARE
83%
Load a shipLADE
82.7%
Minstrel or poetBARD
82.6%
Ancient greek instrumentLYRE →
81.8%
Tale of adventureYARN
81.6%
Birthday jubileeBASH
78.5%
FoundationBASE
78.2%
Land jutting into the seaCAPE
75.5%
Wire enclosure→ CAGE
72.1%
Wizard or magicianMAGE
71.2%
COMMON BOND:✓ BIRD ✓
60.2%

Today's Daily Dose

Missing Word
US Newspapers

Word Ladder
Shawn Mendes

On This Day
October 18th II

You're not logged in!

Compare scores with friends on all Sporcle quizzes.
Join for Free
OR
Log In

You Might Also Like...

Show Comments

Extras

Top Quizzes Today


Score Distribution

Your Account Isn't Verified!

In order to create a playlist on Sporcle, you need to verify the email address you used during registration. Go to your Sporcle Settings to finish the process.

Report this User

Report this user for behavior that violates our Community Guidelines.

Details: